Antropología social y modelos de lenguaje
Enregistré dans:
| Autres auteurs: | , , |
|---|---|
| Format: | Inconnue |
| Langue: | Spanish |
| Publié: |
Buenos Aires, Argentina
Paidos
impresión de 1976
|
| Collection: | Biblioteca de linguística y semiología
6 |
| Sujets: | |
| Tags: |
Ajouter un tag
Pas de tags, Soyez le premier à ajouter un tag!
|
MARC
| LEADER | 000000000a22000000004500 | ||
|---|---|---|---|
| 001 | 000085 | ||
| 008 | 140516s1971 ar a|||f |||| 000 0 spa d | ||
| 041 | 0 | |a español | |
| 082 | |a 410 A676a | ||
| 245 | 1 | 0 | |a Antropología social y modelos de lenguaje |c compilador Edwin Ardener, colaboradores Caroline Humphrey, George B. Milner |
| 260 | |a Buenos Aires, Argentina |b Paidos |c impresión de 1976 | ||
| 300 | |a 78 páginas |b ilustraciones | ||
| 490 | 0 | |a Biblioteca de linguística y semiología |v 6 | |
| 500 | |a Número de inscripción 12974--Título del original: Social anthropology and language | ||
| 650 | 4 | |a SOCIOLINGUISTICA | |
| 650 | 4 | |a ANTROPOLOGIA SOCIAL | |
| 700 | 1 | 2 | |a Ardener, Edwin |d 1927- |j compilador |
| 700 | 1 | 2 | |a Humphrey, Carolina |d 1943- |j colaborador |
| 700 | 1 | 2 | |a Milner, George B. |d 1918- |j colaborador |
| 942 | |2 ddc |c BK | ||
| 999 | |c 975 |d 975 | ||
